[Event "Bern zt"]
[Site "Bern"]
[Date "1990.??.??"]
[Round "1"]
[White "Wahls, Matthias"]
[Black "Zueger, Beat"]
[Result "1/2-1/2"]
[WhiteElo "2565"]
[BlackElo "2415"]
[EventDate "1990.01.??"]
[PlyCount "113"]

1.e4 e6 2.d4 d5 3.Nd2 c5 4.exd5 exd5 5.Ngf3 Nf6 6.Bb5+ Bd7 7.Be2 c4 8.O-O 
Be7 9.Ne5 O-O 10.f4 Nc6 11.c3 Qc7 12.Bf3 Rad8 13.g4 Bc8 14.Qe2 Nxe5 15.
fxe5 Ne8 16.Qg2 Qc6 17.Re1 Nc7 18.Nf1 f6 19.Ng3 fxe5 20.Rxe5 Bd6 21.Re1 
Rf7 22.Be3 Rdf8 23.Rf1 Be6 24.Rae1 Qd7 25.h3 b5 26.Bd2 a5 27.Bd1 Rxf1+ 28.
Nxf1 h5 29.Nh2 Bxh2+ 30.Kxh2 hxg4 31.hxg4 Ne8 32.Qe2 Qd6+ 33.Kg2 Bf7 34.
Bc2 Bg6 35.Bxg6 Qxg6 36.Qe6+ Qxe6 37.Rxe6 Nf6 38.Rb6 Nxg4 39.Rxb5 Nf6 40.
Rxa5 Ne4 41.Be3 Rb8 42.Bc1 Rf8 43.Rxd5 Rf2+ 44.Kh3 Rc2 45.Bf4 Rxb2 46.Rd8+
Kf7 47.Rc8 Nxc3 48.Rxc4 Nd5 49.Be5 Rxa2 50.Rc5 Ke6 51.Bxg7 Nf4+ 52.Kg4 
Rg2+ 53.Kxf4 Rxg7 54.Ke4 Rg4+ 55.Kd3 Kd6 56.Rh5 Rg1 57.Kc4 1/2-1/2

[Event "Bern zt"]
[Site "Bern"]
[Date "1990.??.??"]
[Round "2"]
[White "Hickl, Joerg"]
[Black "Wahls, Matthias"]
[Result "1-0"]
[WhiteElo "2500"]
[BlackElo "2565"]
[EventDate "1990.01.??"]
[PlyCount "167"]

1.e4 e5 2.Nf3 Nc6 3.Bb5 a6 4.Ba4 Nf6 5.O-O Be7 6.Bxc6 dxc6 7.Qe1 Nd7 8.b3 
c5 9.Bb2 Bd6 10.a4 O-O 11.Na3 b6 12.Nc4 Bb7 13.d3 Qe7 14.Qe2 Rae8 15.Rfe1 
Qd8 16.Bc1 Nb8 17.Ne3 Nc6 18.Nf5 Kh8 19.Ng5 Qf6 20.Nf3 Bc8 21.Ne3 Qd8 22.
Bd2 f6 23.Bc3 Rf7 24.Nc4 Bf8 25.Rf1 Rfe7 26.Rae1 Bg4 27.Ne3 Bh5 28.h3 Nd4 
29.Bxd4 cxd4 30.Ng4 Rf7 31.Nfh2 g6 32.Qd2 Bxg4 33.hxg4 c5 34.g3 b5 35.axb5
axb5 36.Ra1 Qb6 37.f4 Bd6 38.Qa5 Qb8 39.f5 Ree7 40.Qa8 Qxa8 41.Rxa8+ Kg7 
42.Ra6 Bb8 43.fxg6 hxg6 44.Rb6 Re8 45.Rxb5 Bd6 46.Rb6 Bf8 47.Ra1 f5 48.
Raa6 fxe4 49.dxe4 Rd8 50.Rxg6+ Kh7 51.Rgf6 Rxf6 52.Rxf6 Kg7 53.g5 d3 54.
cxd3 Rxd3 55.Rf3 Rd1+ 56.Kg2 Re1 57.Nf1 Rxe4 58.Re3 Rxe3 59.Nxe3 e4 60.Kh3
Kg6 61.Kg4 Bd6 62.Nd5 Bb8 63.Nf4+ Kf7 64.Kh3 Be5 65.Kg2 Bd4 66.Kf1 Be3 67.
Ke2 Bg1 68.Nh3 Bd4 69.Nf2 e3 70.Nh3 Kg6 71.g4 c4 72.bxc4 Bb6 73.Kf3 Ba7 
74.Kg3 Kg7 75.Kf3 Kg6 76.Nf4+ Kxg5 77.Ne2 Kf6 78.Kf4 Ke6 79.Ke4 Bb6 80.Nc3
Bc5 81.Nd5 e2 82.Nf4+ Kf6 83.Nxe2 Kg5 84.Kf3 1-0

[Event "Bern zt"]
[Site "Bern"]
[Date "1990.??.??"]
[Round "2"]
[White "Lobron, Eric"]
[Black "Brestian, Egon"]
[Result "1/2-1/2"]
[WhiteElo "2545"]
[BlackElo "2470"]
[EventDate "1990.01.??"]
[PlyCount "123"]

1.d4 Nf6 2.c4 c5 3.d5 e5 4.Nc3 d6 5.e4 g6 6.Be2 Bg7 7.Nf3 O-O 8.O-O Ne8 9.
Rb1 f5 10.a3 f4 11.b4 Nd7 12.Ne1 Nef6 13.Nd3 b6 14.Bd2 Rf7 15.a4 a5 16.
bxa5 bxa5 17.f3 Nb8 18.Nb5 Na6 19.Bc3 Ne8 20.g3 g5 21.Kh1 Nb4 22.Rg1 Kh8 
23.Rb2 Qe7 24.Bf1 Rf6 25.gxf4 gxf4 26.Rbg2 Rf8 27.Nxc5 dxc5 28.d6 Qf7 29.
Nc7 Ra7 30.Rxg7 Nxg7 31.Bxe5 Rg8 32.Bc3 h6 33.Qd2 Kh7 34.Nd5 Nxd5 35.cxd5 
Ne8 36.Rxg8 Qxg8 37.e5 Bf5 38.Qxf4 Qg6 39.e6 Nf6 40.d7 Nxd7 41.exd7 Rxd7 
42.d6 Rxd6 43.Qe5 Kg8 44.Bc4+ Kf8 45.Be1 Rd1 46.Qxc5+ Kg7 47.Qe7+ Kh8 48.
Bb3 Rb1 49.Qf8+ Kh7 50.Bg8+ Qxg8 51.Qxf5+ Qg6 52.Qd7+ Kg8 53.Qc8+ Kg7 54.
Qd7+ Kf8 55.Qc8+ Ke7 56.Qc7+ Kf8 57.Qd8+ Kg7 58.Qd4+ Qf6 59.Qg4+ Kf8 60.
Qc8+ Ke7 61.Qc7+ Ke8 62.Qc8+ 1/2-1/2

[Event "Bern zt"]
[Site "Bern"]
[Date "1990.??.??"]
[Round "2"]
[White "Rechlis, Gad"]
[Black "Manor, Ilan"]
[Result "1-0"]
[WhiteElo "2470"]
[BlackElo "2450"]
[EventDate "1990.01.??"]
[PlyCount "57"]

1.e4 d6 2.d4 Nf6 3.Nc3 g6 4.f4 Bg7 5.Nf3 O-O 6.Bd3 Nc6 7.e5 dxe5 8.dxe5 
Nd5 9.O-O Nxc3 10.bxc3 Bf5 11.Ba3 Qd5 12.Bxf5 Qa5 13.Qc1 gxf5 14.Nd4 Nxd4 
15.cxd4 Rfd8 16.c3 e6 17.Rf3 b6 18.Be7 Re8 19.Bh4 h6 20.Qd1 Kh7 21.Rg3 Qd5
22.Qh5 Qd7 23.Rd1 Rg8 24.Rdd3 Bh8 25.Bg5 Rg6 26.Bxh6 Bg7 27.Bg5+ Kg8 28.
Bf6 Qe8 29.Rh3 1-0

[Event "Bern zt"]
[Site "Bern"]
[Date "1990.??.??"]
[Round "2"]
[White "Zueger, Beat"]
[Black "Brunner, Lucas"]
[Result "1/2-1/2"]
[WhiteElo "2415"]
[BlackElo "2525"]
[EventDate "1990.01.??"]
[PlyCount "27"]

1.d4 Nf6 2.c4 e6 3.Nf3 b6 4.g3 Ba6 5.b3 Bb4+ 6.Bd2 Be7 7.Bg2 c6 8.Bc3 d5 
9.Ne5 O-O 10.Nd2 Bb7 11.O-O Na6 12.e4 c5 13.exd5 exd5 14.Re1 1/2-1/2

[Event "Bern zt"]
[Site "Bern"]
[Date "1990.??.??"]
[Round "3"]
[White "Brestian, Egon"]
[Black "Rechlis, Gad"]
[Result "1/2-1/2"]
[WhiteElo "2470"]
[BlackElo "2470"]
[EventDate "1990.01.??"]
[PlyCount "24"]

1.c4 e6 2.g3 d5 3.Bg2 Nf6 4.Nf3 Be7 5.O-O O-O 6.d4 c6 7.Qc2 b6 8.cxd5 cxd5
9.Ne5 Bb7 10.f4 Qc8 11.Nc3 Nc6 12.Be3 Nxe5 1/2-1/2

[Event "Bern zt"]
[Site "Bern"]
[Date "1990.??.??"]
[Round "3"]
[White "Bruk, Ofer"]
[Black "Hug, Werner"]
[Result "1/2-1/2"]
[WhiteElo "2435"]
[BlackElo "2445"]
[EventDate "1990.01.??"]
[PlyCount "36"]

1.c4 g6 2.g3 Bg7 3.Bg2 Nf6 4.Nc3 O-O 5.Nf3 d6 6.O-O a6 7.d4 c6 8.e4 Bg4 9.
h3 Bxf3 10.Bxf3 Nfd7 11.Be3 c5 12.dxc5 dxc5 13.e5 Nxe5 14.Bxb7 Ra7 15.Qxd8
Rxd8 16.Bg2 Nxc4 17.Bxc5 Rc7 18.Bb4 Nc6 1/2-1/2

[Event "Bern zt"]
[Site "Bern"]
[Date "1990.??.??"]
[Round "3"]
[White "Lev, Ronen"]
[Black "Zueger, Beat"]
[Result "1-0"]
[WhiteElo "2390"]
[BlackElo "2415"]
[EventDate "1990.01.??"]
[PlyCount "87"]

1.d4 Nf6 2.c4 g6 3.Nc3 Bg7 4.e4 d6 5.f3 O-O 6.Be3 a6 7.Qd2 Nc6 8.Nge2 Rb8 
9.a3 Bd7 10.b4 e5 11.d5 Ne7 12.Nc1 Nh5 13.Nd3 f5 14.Rc1 Kh8 15.Be2 Ng8 16.
O-O f4 17.Bf2 Bf6 18.c5 Bh4 19.Rc2 Bg3 20.hxg3 fxg3 21.Rfc1 Qh4 22.Be3 
Ngf6 23.f4 Ng4 24.Bf3 Nh2 25.f5 Ng4 26.c6 gxf5 27.cxd7 fxe4 28.Nxe4 Qh2+ 
29.Kf1 Rxf3+ 30.gxf3 g2+ 31.Ke1 Nxe3 32.Qxe3 g1=Q+ 33.Qxg1 Qxg1+ 34.Ke2 
Qg2+ 35.Ke3 Rf8 36.Rxg2 Nf6 37.Nxf6 e4 38.fxe4 h5 39.Rg8+ Rxg8 40.Nxg8 
Kxg8 41.d8=Q+ Kh7 42.Rf1 Kh6 43.Qf6+ Kh7 44.Rg1 1-0

[Event "Bern zt"]
[Site "Bern"]
[Date "1990.??.??"]
[Round "3"]
[White "Manor, Ilan"]
[Black "Fauland, Alexander"]
[Result "1/2-1/2"]
[WhiteElo "2450"]
[BlackElo "2480"]
[EventDate "1990.01.??"]
[PlyCount "68"]

1.d4 Nf6 2.Nf3 e6 3.Bf4 b6 4.e3 Bb7 5.Bd3 Be7 6.h3 c5 7.c3 cxd4 8.exd4 O-O
9.Nbd2 d6 10.O-O Re8 11.Bh2 Nbd7 12.Qe2 a6 13.Rfe1 Nf8 14.Rad1 Ng6 15.Ng5 
Bf8 16.Bb1 b5 17.Qd3 Be7 18.f4 Nh5 19.Ngf3 Bh4 20.g4 Nhxf4 21.Bxf4 Bxe1 
22.Rxe1 Nxf4 23.Qxh7+ Kf8 24.Qh8+ Ke7 25.Qxg7 Nxh3+ 26.Kf1 Rg8 27.Qh6 Rxg4
28.Qxh3 Qg8 29.Be4 Bxe4 30.Rxe4 f5 31.Rxg4 fxg4 32.Qh4+ Kd7 33.Ne4 Rf8 34.
Nf6+ Rxf6 1/2-1/2

[Event "Bern zt"]
[Site "Bern"]
[Date "1990.??.??"]
[Round "4"]
[White "Bischoff, Klaus"]
[Black "Brunner, Lucas"]
[Result "1/2-1/2"]
[WhiteElo "2505"]
[BlackElo "2525"]
[EventDate "1990.01.??"]
[PlyCount "30"]

1.c4 Nf6 2.Nc3 c5 3.g3 e6 4.Nf3 d5 5.cxd5 exd5 6.d4 Nc6 7.Bg2 Be7 8.O-O 
O-O 9.dxc5 Bxc5 10.Bg5 d4 11.Bxf6 Qxf6 12.Nd5 Qd8 13.Nd2 Re8 14.Rc1 Bb6 
15.Nf4 Bg4 1/2-1/2

[Event "Bern zt"]
[Site "Bern"]
[Date "1990.??.??"]
[Round "4"]
[White "Hickl, Joerg"]
[Black "Lev, Ronen"]
[Result "1-0"]
[WhiteElo "2500"]
[BlackElo "2390"]
[EventDate "1990.01.??"]
[PlyCount "131"]

1.g3 c5 2.Bg2 Nc6 3.e4 g6 4.d3 Bg7 5.Nf3 Nf6 6.O-O O-O 7.c3 d5 8.Nbd2 e5 
9.Re1 h6 10.a4 Re8 11.exd5 Nxd5 12.Nc4 Nb6 13.Ne3 Na5 14.Qc2 c4 15.dxc4 
Nbxc4 16.Rd1 Qc7 17.Nd5 Qb8 18.Nh4 Kh7 19.b4 Nc6 20.Qa2 Nd6 21.b5 Na5 22.
Ba3 Nac4 23.Bb4 Bg4 24.Re1 a5 25.Bxd6 Nxd6 26.b6 Be6 27.Qc2 Bxd5 28.Bxd5 
Qd8 29.c4 Qxb6 30.c5 Qc7 31.Rac1 Nc8 32.f4 f5 33.Qc4 Ne7 34.Bf7 Rf8 35.Qe6
Ra6 36.c6 Rxc6 37.Rxc6 bxc6 38.Bxg6+ Nxg6 39.Qxg6+ Kh8 40.Nxf5 Qf7 41.
Qxg7+ Qxg7 42.Nxg7 Kxg7 43.Rxe5 Rc8 44.Rc5 Kf6 45.Kf2 Ke6 46.Ke3 Kd6 47.
Rxa5 c5 48.Kd3 Kd5 49.Ra7 Rb8 50.Kc3 Re8 51.Rd7+ Kc6 52.Rh7 Re3+ 53.Kd2 
Ra3 54.Rxh6+ Kd5 55.f5 Ra2+ 56.Kc3 Ra3+ 57.Kb2 Rxa4 58.h3 Re4 59.g4 Rf4 
60.f6 Kc4 61.g5 Rf2+ 62.Kc1 Kd3 63.Rh8 Rf1+ 64.Kb2 Rf2+ 65.Ka3 c4 66.g6 
1-0

[Event "Bern zt"]
[Site "Bern"]
[Date "1990.??.??"]
[Round "4"]
[White "Lobron, Eric"]
[Black "Wahls, Matthias"]
[Result "1-0"]
[WhiteElo "2545"]
[BlackElo "2565"]
[EventDate "1990.01.??"]
[PlyCount "135"]

1.d4 Nf6 2.c4 e6 3.Nc3 Bb4 4.Qc2 c5 5.dxc5 Bxc5 6.Nf3 Qc7 7.Bg5 a6 8.e3 
Be7 9.Rd1 d6 10.Be2 O-O 11.O-O b6 12.Rd2 Bb7 13.Rfd1 Rd8 14.Bf4 h6 15.Bg3 
Rd7 16.Qb1 Nc6 17.b4 Qd8 18.h3 Rc8 19.a3 Nb8 20.Qb2 Ba8 21.Nd4 Qc7 22.Bf1 
Qb7 23.f3 Rcd8 24.Nb3 Nc6 25.e4 Nh5 26.Bh2 g5 27.Kh1 Ne5 28.Bxe5 dxe5 29.
Kh2 Rxd2 30.Rxd2 Rc8 31.Rd1 Nf6 32.Qf2 a5 33.bxa5 bxa5 34.Nb5 a4 35.Nc1 
Nd7 36.Na2 Nb6 37.Nd6 Bxd6 38.Rxd6 Nxc4 39.Bxc4 Rxc4 40.Nb4 Qc7 41.Qb6 Bb7
42.Nd3 Qxb6 43.Rxb6 Rc3 44.Nxe5 Rb3 45.Nc4 Rxb6 46.Nxb6 Bc6 47.Kg1 f5 48.
Kf2 f4 49.Nc4 Bb5 50.Nd6 Ba6 51.e5 Kf8 52.Ne4 Bb5 53.h4 Bc6 54.Nc5 Kf7 55.
Kg1 gxh4 56.Kh2 Bb5 57.Kh3 Bf1 58.Nxa4 Kg6 59.Nc5 Kf5 60.a4 Kxe5 61.a5 Kd4
62.Nxe6+ Ke3 63.Kh2 h5 64.Nc5 h3 65.Kxh3 Kf2 66.Kh2 h4 67.a6 h3 68.Ne4+ 
1-0

[Event "Bern zt"]
[Site "Bern"]
[Date "1990.??.??"]
[Round "4"]
[White "Zueger, Beat"]
[Black "Bruk, Ofer"]
[Result "1/2-1/2"]
[WhiteElo "2415"]
[BlackElo "2435"]
[EventDate "1990.01.??"]
[PlyCount "24"]

1.d4 Nf6 2.c4 e6 3.Nf3 d5 4.Nc3 Be7 5.Bg5 O-O 6.e3 Nbd7 7.Rc1 c6 8.Bd3 
dxc4 9.Bxc4 Nd5 10.Bxe7 Qxe7 11.O-O Nxc3 12.Rxc3 e5 1/2-1/2

[Event "Bern zt"]
[Site "Bern"]
[Date "1990.??.??"]
[Round "5"]
[White "Brestian, Egon"]
[Black "Soffer, Ram"]
[Result "1/2-1/2"]
[WhiteElo "2470"]
[BlackElo "2440"]
[EventDate "1990.01.??"]
[PlyCount "46"]

1.Nf3 Nf6 2.d4 d5 3.g3 g6 4.Bg2 Bg7 5.c4 c6 6.cxd5 cxd5 7.Nc3 O-O 8.O-O 
Ne4 9.Nxe4 dxe4 10.Ng5 Qxd4 11.Qxd4 Bxd4 12.Nxe4 Nc6 13.e3 Bg7 14.Bd2 Rd8 
15.Bc3 Bxc3 16.Nxc3 Be6 17.Rfd1 Bg4 18.Rd5 Rxd5 19.Nxd5 Rd8 20.a3 Rd7 21.
Rc1 Ne5 22.h3 Bf3 23.Bxf3 Nxf3+ 1/2-1/2

[Event "Bern zt"]
[Site "Bern"]
[Date "1990.??.??"]
[Round "5"]
[White "Hug, Werner"]
[Black "Zueger, Beat"]
[Result "1/2-1/2"]
[WhiteElo "2445"]
[BlackElo "2415"]
[EventDate "1990.01.??"]
[PlyCount "29"]

1.Nf3 Nf6 2.d4 g6 3.c3 Bg7 4.Bf4 O-O 5.e3 d6 6.h3 Nbd7 7.Nbd2 b6 8.Be2 Bb7
9.O-O c5 10.Bh2 Ne4 11.Nxe4 Bxe4 12.Bd3 Nf6 13.Bxe4 Nxe4 14.Nd2 Nxd2 15.
Qxd2 1/2-1/2

[Event "Bern zt"]
[Site "Bern"]
[Date "1990.??.??"]
[Round "5"]
[White "Kindermann, Stefan"]
[Black "Fauland, Alexander"]
[Result "0-1"]
[WhiteElo "2560"]
[BlackElo "2480"]
[EventDate "1990.01.??"]
[PlyCount "106"]

1.e4 c5 2.Nf3 e6 3.d4 cxd4 4.Nxd4 Nf6 5.Nc3 d6 6.g3 Nc6 7.Bg2 Bd7 8.O-O 
Nxd4 9.Qxd4 Bc6 10.Rd1 Qc7 11.a4 Be7 12.Qc4 Rc8 13.Nb5 Qb8 14.Qe2 O-O 15.
Bf4 Ne8 16.Nd4 Qc7 17.Nb5 Qb8 18.Rd2 a6 19.Nd4 Qc7 20.Nxc6 Qxc6 21.Ra3 Nc7
22.Rb3 Rfd8 23.c4 e5 24.Be3 Ne6 25.a5 Rd7 26.Ra3 h6 27.h4 Rdd8 28.b3 Nd4 
29.Bxd4 exd4 30.Raa2 Qc5 31.Qd3 Bf6 32.e5 dxe5 33.Bxb7 Rb8 34.Bxa6 Re8 35.
Re2 e4 36.Rxe4 Qc6 37.Rae2 Rxe4 38.Bb5 Rxb5 39.cxb5 Qc1+ 40.Kh2 Rxe2 41.
Qxe2 Qc5 42.b6 d3 43.Qe8+ Kh7 44.Qe4+ g6 45.Qxd3 Qxf2+ 46.Kh3 Qe1 47.Qf3 
Kg7 48.b7 Be5 49.a6 Qa1 50.Qd5 Bb8 51.Qc6 Qf1+ 52.Kh2 Qe2+ 53.Kh3 Qd3 0-1

[Event "Bern zt"]
[Site "Bern"]
[Date "1990.??.??"]
[Round "5"]
[White "Lev, Ronen"]
[Black "Bischoff, Klaus"]
[Result "1-0"]
[WhiteElo "2390"]
[BlackElo "2505"]
[EventDate "1990.01.??"]
[PlyCount "109"]

1.Nf3 g6 2.c4 Bg7 3.d4 c5 4.d5 d6 5.e4 Nf6 6.Bd3 O-O 7.h3 e5 8.g4 b5 9.Nc3
bxc4 10.Bxc4 Nfd7 11.Rg1 Nb6 12.Be2 Ba6 13.b3 Qc8 14.Be3 Qb7 15.Rb1 Bxe2 
16.Qxe2 Na6 17.h4 Nc7 18.h5 Nd7 19.hxg6 hxg6 20.Nd2 Qb4 21.Qd3 Nb6 22.Nc4 
Ncxd5 23.exd5 e4 24.Qxe4 Qxc3+ 25.Ke2 Rfe8 26.Qd3 Qxd3+ 27.Kxd3 Nxd5 28.
Nxd6 Re6 29.Bxc5 Rd8 30.Kc4 Nc7 31.Rgd1 Bf8 32.Nb5 Re4+ 33.Rd4 Rdxd4+ 34.
Nxd4 Bxc5 35.Kxc5 Rxg4 36.Rd1 Kf8 37.Kc6 Ne8 38.a4 Rf4 39.Rd2 Nf6 40.f3 g5
41.b4 g4 42.fxg4 Nxg4 43.Kb7 Ne5 44.Kxa7 Nc4 45.Ne2 Re4 46.Rd8+ Ke7 47.Rd4
Rxd4 48.Nxd4 Kd6 49.Kb7 Kd5 50.Nf5 Ke5 51.a5 Kxf5 52.a6 Nd6+ 53.Kc6 Nc8 
54.b5 Ke5 55.b6 1-0

[Event "Bern zt"]
[Site "Bern"]
[Date "1990.??.??"]
[Round "5"]
[White "Lobron, Eric"]
[Black "Lev, Ronen"]
[Result "1-0"]
[WhiteElo "2545"]
[BlackElo "2390"]
[EventDate "1990.01.??"]
[PlyCount "97"]

1.c4 c5 2.Nf3 g6 3.d4 cxd4 4.Nxd4 Nc6 5.e4 Nf6 6.Nc3 Bg7 7.Be3 Nxd4 8.Bxd4
Qa5 9.a3 O-O 10.b4 Qd8 11.Be2 d6 12.O-O Be6 13.Qd3 Rc8 14.Nd5 Nxd5 15.cxd5
Bd7 16.Bxg7 Kxg7 17.Qd4+ Kg8 18.Qxa7 Rc2 19.Bd3 Rc3 20.Qd4 Qc7 21.a4 Re8 
22.Rfb1 e5 23.dxe6 fxe6 24.Bf1 e5 25.Qd5+ Kg7 26.Rd1 Bg4 27.Rd3 Rd8 28.h3 
Bc8 29.Rxc3 Qxc3 30.Rb1 Qc2 31.Rb3 Rf8 32.f3 Rd8 33.Qc4 Qxc4 34.Bxc4 Bd7 
35.a5 Kf6 36.b5 Rc8 37.Bd5 Be6 38.Ra3 Bxd5 39.exd5 Ke7 40.a6 bxa6 41.bxa6 
Kd7 42.a7 Ra8 43.Ra6 Kc7 44.Kf2 Kb7 45.Rxd6 Kxa7 46.Ke3 Rb8 47.Rd7+ Kb6 
48.Ke4 Kc5 49.Kxe5 1-0

[Event "Bern zt"]
[Site "Bern"]
[Date "1990.??.??"]
[Round "5"]
[White "Wahls, Matthias"]
[Black "Rechlis, Gad"]
[Result "0-1"]
[WhiteElo "2565"]
[BlackElo "2470"]
[EventDate "1990.01.??"]
[PlyCount "62"]

1.e4 c5 2.Nf3 Nc6 3.d4 cxd4 4.Nxd4 Nf6 5.Nc3 d6 6.Bc4 e6 7.Be3 a6 8.Qe2 
Be7 9.O-O-O Qc7 10.Bb3 Na5 11.g4 b5 12.g5 Nxb3+ 13.axb3 Nd7 14.Nf5 b4 15.
Nxg7+ Kf8 16.Qh5 Kxg7 17.Bd4+ Kg8 18.Rhg1 Ne5 19.f4 Ng6 20.Bxh8 Kxh8 21.
Ne2 Bb7 22.Rd4 Rc8 23.Rc4 Qb6 24.f5 Rxc4 25.bxc4 Qe3+ 26.Kb1 Bxe4 27.fxg6 
Bxg6 28.Qg4 e5 29.Nc1 b3 30.Rg2 bxc2+ 31.Rxc2 Qd2 0-1

[Event "Bern zt"]
[Site "Bern"]
[Date "1990.??.??"]
[Round "6"]
[White "Hickl, Joerg"]
[Black "Hug, Werner"]
[Result "1/2-1/2"]
[WhiteElo "2500"]
[BlackElo "2445"]
[EventDate "1990.01.??"]
[PlyCount "121"]

1.e4 e6 2.Nc3 d5 3.d4 Bb4 4.exd5 exd5 5.Bd3 Nc6 6.a3 Ba5 7.Be3 Nf6 8.Ne2 
Bg4 9.f3 Bh5 10.O-O Bg6 11.Na4 Bb6 12.Kh1 O-O 13.Bg5 Qd6 14.c3 Rfe8 15.b4 
h6 16.Bf4 Bxd3 17.Qxd3 Qd7 18.Nb2 Ne7 19.Be5 Nh7 20.Qd2 Nf5 21.Ng3 f6 22.
Bf4 Nxg3+ 23.Bxg3 Re7 24.Rfe1 Rae8 25.h3 c6 26.Nd3 Nf8 27.Rxe7 Rxe7 28.Kg1
Qe8 29.Kf1 Bc7 30.Bxc7 Rxc7 31.Nc5 Re7 32.a4 Ne6 33.Nd3 Kf7 34.Re1 Nf8 35.
Ra1 Ne6 36.Kf2 Qb8 37.Re1 Qd6 38.Re3 b6 39.Re1 Nf8 40.Rxe7+ Kxe7 41.a5 Ne6
42.axb6 axb6 43.Qa2 b5 44.Qa8 Kf7 45.g3 Qd7 46.h4 Qe8 47.Qb7+ Kg6 48.Ne1 
Kh7 49.Ng2 Qg6 50.Ne1 Qe8 51.Kf1 Nf8 52.Ng2 Ne6 53.Kg1 h5 54.Qa7 Kg8 55.
Kf2 Kh7 56.Qb7 Nf8 57.Ne3 Qd7 58.Qb8 Ng6 59.Qa8 Ne7 60.Qa2 Kg8 61.Qe2 
1/2-1/2

[Event "Bern zt"]
[Site "Bern"]
[Date "1990.??.??"]
[Round "6"]
[White "Manor, Ilan"]
[Black "Brestian, Egon"]
[Result "1/2-1/2"]
[WhiteElo "2450"]
[BlackElo "2470"]
[EventDate "1990.01.??"]
[PlyCount "112"]

1.Nf3 Nf6 2.g3 d5 3.c4 c6 4.Bg2 g6 5.d4 Bg7 6.O-O O-O 7.b3 c5 8.Nbd2 cxd4 
9.Nxd4 e5 10.Nb5 a6 11.Nc3 d4 12.Nd5 Nc6 13.Ba3 Re8 14.Bc5 Nxd5 15.cxd5 
Ne7 16.e4 dxe3 17.fxe3 Nxd5 18.Ne4 Be6 19.Nd6 Bf8 20.Nxb7 Bxc5 21.Nxd8 
Raxd8 22.Qc2 Bxe3+ 23.Kh1 Bd4 24.Rae1 Rd6 25.Qc1 Rc8 26.Qg5 Rcd8 27.h4 Kg7
28.Re2 h6 29.Qc1 Rc8 30.Qa3 Rdc6 31.Qa5 Bc3 32.Qa4 Bd4 33.Rd2 Rc1 34.Qxa6 
Ne3 35.Rxd4 exd4 36.Rg1 Nxg2 37.Rxc1 Rxc1+ 38.Kxg2 Bf5 39.Qd6 d3 40.b4 
Rc2+ 41.Kf3 Rxa2 42.b5 d2 43.Ke3 h5 44.b6 Rb2 45.Qd4+ Kh7 46.b7 Rb3+ 47.
Kxd2 Rxb7 48.Qf6 Kg8 49.Ke3 Rb4 50.Qd6 Re4+ 51.Kf3 Kg7 52.Qc7 Re6 53.Qc3+ 
Kh7 54.Qc7 Bg4+ 55.Kf4 Rf6+ 56.Ke5 Re6+ 1/2-1/2

[Event "Bern zt"]
[Site "Bern"]
[Date "1990.??.??"]
[Round "6"]
[White "Rechlis, Gad"]
[Black "Brunner, Lucas"]
[Result "1-0"]
[WhiteElo "2470"]
[BlackElo "2525"]
[EventDate "1990.01.??"]
[PlyCount "119"]

1.d4 Nf6 2.c4 e6 3.Nc3 Bb4 4.e3 b6 5.Bd3 Bb7 6.Nf3 Ne4 7.O-O Bxc3 8.bxc3 
f5 9.d5 Nc5 10.Ba3 Nba6 11.Re1 O-O 12.e4 fxe4 13.Bxe4 Rf4 14.Bc2 Rxc4 15.
Ne5 Rxc3 16.Bxh7+ Kxh7 17.Qh5+ Kg8 18.Bb2 Qf6 19.Bxc3 Bxd5 20.Ng6 Qxc3 21.
Ne7+ Kf8 22.Nxd5 g6 23.Qxg6 Qg7 24.Nf4 Qxg6 25.Nxg6+ Kg7 26.Ne5 Nb4 27.Re2
d6 28.a3 Nd5 29.Nc6 a6 30.Rf1 Rf8 31.g3 Nc3 32.Re3 Nd5 33.Re2 Nc3 34.Ree1 
e5 35.Kg2 Kf6 36.Re3 Nd5 37.Rf3+ Kg7 38.Rxf8 Kxf8 39.h4 a5 40.Kh3 Nc3 41.
h5 Kg7 42.f4 e4 43.Nd4 Nd3 44.f5 Ne5 45.g4 e3 46.f6+ Kf8 47.g5 e2 48.Re1 
c5 49.Nxe2 Ne4 50.g6 Nxf6 51.Ng3 c4 52.Rf1 Kg7 53.Nf5+ Kg8 54.Kh4 c3 55.
Nd4 Ne4 56.Ne6 Nd7 57.h6 c2 58.Rg1 Nef6 59.Rc1 Nc5 60.Rxc2 1-0

[Event "Bern zt"]
[Site "Bern"]
[Date "1990.??.??"]
[Round "7"]
[White "Bruk, Ofer"]
[Black "Lobron, Eric"]
[Result "0-1"]
[WhiteElo "2435"]
[BlackElo "2545"]
[EventDate "1990.01.??"]
[PlyCount "80"]

1.c4 e5 2.g3 f5 3.Bg2 Nf6 4.Nc3 Bb4 5.Qc2 Bxc3 6.Qxc3 Qe7 7.d3 c5 8.Nf3 
Nc6 9.O-O O-O 10.a3 a5 11.Bg5 d6 12.Nd2 Qe8 13.Bxf6 Rxf6 14.e3 Rh6 15.Rae1
Qh5 16.h4 g5 17.Bf3 Qg6 18.hxg5 Qxg5 19.Kg2 e4 20.Be2 Ne5 21.Rh1 exd3 22.
Nf3 Qg7 23.Bxd3 Rxh1 24.Rxh1 Bd7 25.Nxe5 dxe5 26.Kf1 Ra6 27.e4 f4 28.gxf4 
exf4 29.e5 Rh6 30.Rxh6 Qxh6 31.Be4 Qh3+ 32.Qxh3 Bxh3+ 33.Bg2 Bc8 34.Ke2 
Bg4+ 35.Bf3 h5 36.e6 Kf8 37.Bxg4 hxg4 38.Kd3 Ke7 39.Ke4 g3 40.fxg3 fxg3 
0-1

[Event "Bern zt"]
[Site "Bern"]
[Date "1990.??.??"]
[Round "7"]
[White "Brunner, Lucas"]
[Black "Fauland, Alexander"]
[Result "1/2-1/2"]
[WhiteElo "2525"]
[BlackElo "2480"]
[EventDate "1990.01.??"]
[PlyCount "65"]

1.Nf3 Nf6 2.c4 c5 3.Nc3 Nc6 4.e3 g6 5.d4 Bg7 6.d5 Na5 7.Be2 O-O 8.O-O d6 
9.Nd2 a6 10.a3 e6 11.b4 exd5 12.bxa5 Nd7 13.Bb2 d4 14.exd4 cxd4 15.Na4 
Qxa5 16.Bf3 Rb8 17.Bc1 Ne5 18.Bd5 b5 19.cxb5 axb5 20.Nb2 b4 21.Qb3 Ba6 22.
Bc4 Nxc4 23.Nbxc4 Qc5 24.Rd1 Rfc8 25.Nb2 d3 26.Qa4 bxa3 27.Ne4 Qc6 28.Qxa3
Qxe4 29.Qxa6 d2 30.Rxd2 Qe1+ 31.Qf1 Qxf1+ 32.Kxf1 Bh6 33.Rxd6 1/2-1/2

[Event "Bern zt"]
[Site "Bern"]
[Date "1990.??.??"]
[Round "7"]
[White "Kindermann, Stefan"]
[Black "Manor, Ilan"]
[Result "1/2-1/2"]
[WhiteElo "2560"]
[BlackElo "2450"]
[EventDate "1990.01.??"]
[PlyCount "83"]

1.e4 c5 2.Nf3 Nc6 3.d4 cxd4 4.Nxd4 Nf6 5.Nc3 e5 6.Ndb5 d6 7.Nd5 Nxd5 8.
exd5 Ne7 9.c3 Nf5 10.a4 g6 11.Be2 Bg7 12.O-O O-O 13.Re1 Bd7 14.Bf1 Re8 15.
Re4 Qb8 16.a5 Rc8 17.Rb4 Rc5 18.a6 b6 19.Qb3 h5 20.Bg5 Kh7 21.Ra3 Bxb5 22.
Bxb5 Qc7 23.Bd3 Bh6 24.Bxh6 Nxh6 25.Ra1 f5 26.Bb5 Nf7 27.f3 Kg7 28.Qd1 Qe7
29.Qd2 f4 30.Bc6 Rf8 31.Re4 Ra5 32.Rxa5 bxa5 33.Re1 g5 34.b4 axb4 35.cxb4 
g4 36.Qf2 Ng5 37.Kh1 gxf3 38.gxf3 Kh6 39.Qg2 Rg8 40.Rg1 e4 41.h4 Nxf3 42.
Qxg8 1/2-1/2

[Event "Bern zt"]
[Site "Bern"]
[Date "1990.??.??"]
[Round "7"]
[White "Lev, Ronen"]
[Black "Rechlis, Gad"]
[Result "0-1"]
[WhiteElo "2390"]
[BlackElo "2470"]
[EventDate "1990.01.??"]
[PlyCount "102"]

1.Nf3 Nf6 2.c4 b6 3.Nc3 Bb7 4.d4 e6 5.a3 d5 6.cxd5 Nxd5 7.Qa4+ Nd7 8.Nxd5 
Bxd5 9.Bg5 f6 10.Bh4 c5 11.dxc5 b5 12.Qxb5 Rb8 13.Qa4 Rxb2 14.e4 Bxe4 15.
Bc4 Bc2 16.Qc6 Qa5+ 17.Kf1 Qxc5 18.Qxe6+ Kd8 19.Bg3 Nb6 20.Be2 Bb3 21.Qe4 
Qd5 22.Qxd5+ Bxd5 23.Nd4 Bxa3 24.h4 Bc5 25.Nf5 Re8 26.Bf3 Bxf3 27.gxf3 g6 
28.Nh6 Ree2 29.Rd1+ Kc8 30.Rc1 Rec2 31.Kg2 Kb7 32.Ng4 f5 33.Nf6 a5 34.Nxh7
a4 35.Ng5 a3 36.Ne6 Bb4 37.Be5 Rxf2+ 38.Kg3 Rg2+ 39.Kh3 Rbe2 40.f4 Nd5 41.
Rcd1 Rd2 42.h5 gxh5 43.Kh4 a2 44.Kxh5 Rxd1 45.Rxd1 Bc3 46.Bxc3 Nxc3 47.Ra1
Rb2 48.Nd4 Rb1 49.Nc2 Rxa1 50.Nxa1 Ne2 51.Kg5 Nd4 0-1

[Event "Bern zt"]
[Site "Bern"]
[Date "1990.??.??"]
[Round "7"]
[White "Zueger, Beat"]
[Black "Hickl, Joerg"]
[Result "1/2-1/2"]
[WhiteElo "2415"]
[BlackElo "2500"]
[EventDate "1990.01.??"]
[PlyCount "29"]

1.d4 Nf6 2.c4 d6 3.Nc3 e5 4.g3 exd4 5.Qxd4 Nc6 6.Qd2 g6 7.b3 Bg7 8.Bb2 O-O
9.Bg2 a5 10.Nh3 Ne5 11.Rc1 Bd7 12.Nf4 a4 13.O-O axb3 14.axb3 Bc6 15.Nfd5 
1/2-1/2

[Event "Bern zt"]
[Site "Bern"]
[Date "1990.??.??"]
[Round "8"]
[White "Bischoff, Klaus"]
[Black "Zueger, Beat"]
[Result "1/2-1/2"]
[WhiteElo "2505"]
[BlackElo "2415"]
[EventDate "1990.01.??"]
[PlyCount "67"]

1.e4 e6 2.d4 d5 3.Nd2 c5 4.exd5 exd5 5.Ngf3 Nf6 6.Bb5+ Bd7 7.Be2 c4 8.O-O 
Bd6 9.c3 Nc6 10.Re1 O-O 11.Nf1 h6 12.Ne3 Re8 13.g3 b5 14.Nh4 Ne7 15.Bf3 
Rb8 16.a3 a5 17.Bd2 Be6 18.Ng4 Bxg4 19.Bxg4 Ne4 20.Nf5 Nxf5 21.Bxf5 Nxd2 
22.Qxd2 Rxe1+ 23.Rxe1 b4 24.axb4 axb4 25.Kg2 bxc3 26.bxc3 Qg5 27.Qxg5 hxg5
28.Bd7 Bc7 29.Ra1 Kf8 30.Bc6 Rd8 31.Ra7 Bb6 32.Ra6 Bc7 33.Kf3 Rd6 34.Bb7 
1/2-1/2

[Event "Bern zt"]
[Site "Bern"]
[Date "1990.??.??"]
[Round "8"]
[White "Brestian, Egon"]
[Black "Kindermann, Stefan"]
[Result "1/2-1/2"]
[WhiteElo "2470"]
[BlackElo "2560"]
[EventDate "1990.01.??"]
[PlyCount "26"]

1.Nf3 g6 2.c4 Bg7 3.d4 Nf6 4.g3 O-O 5.Bg2 d5 6.cxd5 Nxd5 7.O-O Nb6 8.Nc3 
Nc6 9.d5 Na5 10.Qc2 c6 11.dxc6 Nxc6 12.Rd1 Bf5 13.e4 Bd7 1/2-1/2